| 000 | 01120nam a22002777a 4500 | ||
|---|---|---|---|
| 999 |
_c11082 _d11082 |
||
| 003 | AR-CdUCM | ||
| 008 | 190402b ||||| |||| 00| 0 spa d | ||
| 020 | _a84-8387-050-9 | ||
| 040 |
_aMUNICIPALIDAD PROVINCIAL DEL CUSCO _cBIBLIOTECA MUNICIPAL DEL CUSCO |
||
| 082 |
_aES / 912.85 / _bH96 |
||
| 100 |
_aHurtado, Isabel _928222 |
||
| 245 |
_aAtlas de la región del Cusco : _bdinámicas del espacio en el sur peruano / |
||
| 260 |
_aCusco : _bBartolomé de las Casas, _c1997. |
||
| 300 |
_a206 páginas ; _bMapas, fotografiad, _c30 cm |
||
| 440 |
_aSerie debates urbano - regionales (CBC) _n4 _928223 |
||
| 440 |
_aSerie Travaux de I´institut francais d´Ëtuden Andines (IFEA) _n101 _928224 |
||
| 505 | _aContenido: Espacios cusqueños -- La población -- Educación y sociedad -- Productores y actividad... | ||
| 650 |
_aGeografia cusqueña _928225 |
||
| 650 |
_aMapas y coordenadas del Cusco _928226 |
||
| 650 |
_aCalidad de vida _928227 |
||
| 700 |
_aMesclier, Ëvelyne _928228 |
||
| 700 |
_aPuerta, Mauricio _928229 |
||
| 700 |
_aDeler, Jean Paul (dirección) _928230 |
||
| 942 |
_2ddc _cLIBROS |
||
| 945 | _adavv | ||